[Event "Tourn. n10259"]
[Site "www.echecsemail.com"]
[Date "2019.12.30"]
[Round "1"]
[White "Zsigazsuga"]
[Black "Osopanda"]
[WhiteElo "1730"]
[BlackElo "1600"]
[Result "0-1"]
[Round "1"]
1.g3 d5
2.Bf1g2 c5
3.Ng1f3 Nb8c6
4.O-O e5
5.d3 Ng8f6
6.Nb1d2 Bf8d6
7.e4 O-O
8.exd5 Nf6xd5
 { time }
0-1

[Event "Tourn. n10264"]
[Site "www.echecsemail.com"]
[Date "2019.12.30"]
[Round "1"]
[White "Malbertan"]
[Black "Argento"]
[WhiteElo "2120"]
[BlackElo "2290"]
[Result "0-1"]
[Round "1"]
1.e4 e5
2.Ng1f3 Nb8c6
3.Bf1c4 Bf8c5
4.b4 Bc5xb4
5.c3 Bb4a5
6.d4 d6
7.Qd1b3 Qd8d7
8.O-O Ba5b6
9.dxe5 Nc6a5
10.Qb3b5 c6
11.Qb5a4 Na5xc4
12.Qa4xc4 dxe5
13.Nf3xe5 Qd7e6
14.Qc4xe6 Bc8xe6
15.Nb1d2 Ng8f6
16.Rf1e1 O-O-O
17.Kf1 Nf6g4
18.Ne5xg4 Be6xg4
19.f3 Bg4e6
20.Nd2b3 Be6c4
{ resign }
0-1

[Event "Tourn. n10257"]
[Site "www.echecsemail.com"]
[Date "2019.12.30"]
[Round "1"]
[White "Zsigazsuga"]
[Black "Osopanda"]
[WhiteElo "1680"]
[BlackElo "1660"]
[Result "0-1"]
[Round "1"]
1.e4 c5
2.Ng1f3 d6
3.Bf1b5 Bc8d7
4.Bb5xd7 Qd8xd7
5.O-O e6
6.d4 cxd4
7.Nf3xd4 Ng8f6
8.Rf1e1 Bf8e7
9.Nb1c3 O-O
10.f4 a6
 { time }
0-1

[Event "Tourn. n10266"]
[Site "www.echecsemail.com"]
[Date "2019.12.30"]
[Round "1"]
[White "Aders1"]
[Black "Claudia"]
[WhiteElo "2269"]
[BlackElo "2130"]
[Result "1-0"]
[Round "1"]
1.Ng1f3 d5
2.g3 e6
3.Bf1g2 Ng8f6
4.O-O Bf8e7
5.d3 b6
6.Nb1d2 Bc8b7
7.e4 dxe4
8.dxe4 Nf6xe4
9.Nf3e5 Ne4d6
10.Bg2xb7 Nd6xb7
11.Qd1f3 { resign }
1-0

[Event "Tourn. n10265"]
[Site "www.echecsemail.com"]
[Date "2019.12.30"]
[Round "1"]
[White "Said13"]
[Black "Szustan"]
[WhiteElo "2570"]
[BlackElo "2640"]
[Result "1/2-1/2"]
[Round "1"]
1.c4 e5
2.Nb1c3 Ng8f6
3.Ng1f3 Nb8c6
4.g3 Bf8b4
5.Bf1g2 Bb4xc3
6.bxc3 O-O
7.O-O d6
8.d3 h6
9.Ra1b1 Rf8e8
10.Nf3d2 a6
11.Rf1e1 Nc6a5
12.Nd2b3 Na5c6
13.Qd1c2 Bc8d7
14.Nb3d2 Ra8b8
15.Nd2f1 b6
16.e4 b5
17.Nf1e3 Nc6a5
18.cxb5 axb5
19.Bc1d2 c5
20.Rb1b2 c4
21.d4 Na5c6
22.d5 Nc6a5
23.Re1b1 Qd8c7
24.h3 Na5b7
25.Rb2xb5 Bd7xb5
26.Rb1xb5 h5
27.Rb5b4 Nb7c5
28.Rb4xc4 g6
29.a4 Qc7d7
30.Rc4b4 Nc5a6
31.Rb4xb8 Re8xb8
32.Ne3c4 Na6c5
33.Bd2g5 Kg7
34.a5 Qd7c7
35.Bg5xf6 Kxf6
36.Bg2f1 Nc5b3
37.Qc2a2 Nb3c5
38.f3 Rb8a8
39.Qa2a3 Nc5b7
40.f4 h4
41.Qa3b4 Nb7xa5
42.Nc4b6 Ra8a7
43.fxe5 dxe5
44.d6 Qc7d8
45.Qb4c5 Kg7
46.Qc5xe5 Qd8f6
47.Qe5xf6 Kxf6
48.d7 Na5b7
49.gxh4 Ra7a1
50.Kf2 Ke7
51.Bf1b5 Ra1b1
52.Nb6d5 Kd8
53.Bb5e2 Kxd7
54.h5 gxh5
55.Be2xh5 Nb7d8
56.h4 { draw }
1/2-1/2

[Event "1/64 Finale"]
[Site "www.chess-mail.com"]
[Date "2019.12.30"]
[Round "1"]
[White "Vasylpuzanov"]
[Black "Stepanpech"]
[WhiteElo "1440"]
[BlackElo "2670"]
[Result "0-1"]
[Round "1"]
1.d4 d5
2.Bc1f4 Ng8f6
3.Ng1f3 Bc8f5
4.e3 e6
5.Bf1d3 Bf5xd3
6.cxd3 Nb8c6
7.Nb1c3 Bf8d6
8.Bf4e5 O-O
9.O-O Bd6e7
10.Ra1c1 Nc6xe5
11.dxe5 Nf6d7
12.d4 a6
13.e4 c6
14.Qd1e2 Nd7b6
15.Rf1d1 Nb6c4
16.h3 Ra8c8
17.b3 Nc4a3
18.Nc3a4 Be7b4
19.Qe2e3 Qd8e7
20.Na4c5 Rf8d8
21.Nf3d2 a5
22.Kh2 Na3b5
23.a4 b6
24.axb5 bxc5
 { time }
0-1

[Event "1/128 Finale"]
[Site "www.chess-mail.com"]
[Date "2019.12.30"]
[Round "1"]
[White "Zsigazsuga"]
[Black "Picifarkinca"]
[WhiteElo "1680"]
[BlackElo "1850"]
[Result "0-1"]
[Round "1"]
1.e4 e5
2.f4 d5
3.exd5 e4
4.Nb1c3 Ng8f6
5.d3 exd3
6.Bf1xd3 Bf8e7
7.Ng1f3 O-O
8.O-O Be7c5
9.Kh1 Bc8g4
10.Bd3c4 Nb8d7
11.Qd1d3 Nd7b6
 { time }
0-1

[Event "Tourn. n10239"]
[Site "www.echecsemail.com"]
[Date "2019.12.31"]
[Round "1"]
[White "Picifarkinca"]
[Black "Cal"]
[WhiteElo "1710"]
[BlackElo "1760"]
[Result "1-0"]
[Round "1"]
1.e4 e5
2.Ng1f3 d6
3.Bf1c4 h6
4.d4 exd4
5.Nf3xd4 Ng8f6
6.Nb1c3 c6
7.O-O a6
8.a4 c5
9.Nd4e2 Bf8e7
10.Ne2g3 Bc8e6
11.Bc4d5 Qd8d7
12.Rf1e1 Nb8c6
13.f4 Be6xd5
14.Nc3xd5 Nc6d4
15.Nd5b6 Qd7d8
16.Nb6xa8 Qd8xa8
17.c3 Nd4e6
18.Ng3f5 b6
19.Nf5xd6 Be7xd6
20.Qd1xd6 Qa8d8
21.Qd6xd8 Ne6xd8
22.Bc1d2 O-O
23.b4 c4
24.e5 Nf6d5
25.g3 Nd8e6
26.Re1e4 g6
27.Re4xc4 Ne6g7
28.Kf2 Ng7f5
29.Ra1e1 Rf8d8
30.Re1e2 b5
31.axb5 axb5
32.Rc4c5 Nd5e7
33.Rc5xb5 h5
34.Bd2e1 Ne7c6
35.Rb5b6 Nc6e7
36.Re2e4 Ne7c8
37.Rb6b8 Nf5e7
38.Re4c4 Rd8d3
39.Rb8xc8 Ne7xc8
40.Rc4xc8 Kg7
41.Ke2 Rd3d5
42.c4 Rd5d7
43.Be1c3 Rd7e7
44.Kd3 Re7d7
45.Bc3d4 f6
46.exf6 Kf7
47.b5 Rd7a7
48.Bd4xa7 Kxf6
49.Ba7d4 Kf5
50.Rc8h8 { resign }
1-0

[Event "Tourn. n10264"]
[Site "www.echecsemail.com"]
[Date "2019.12.31"]
[Round "1"]
[White "Aiko1603"]
[Black "Malbertan"]
[WhiteElo "2090"]
[BlackElo "2120"]
[Result "0-1"]
[Round "1"]
1.c4 d6
2.Nb1c3 Ng8f6
3.g3 c6
4.Bf1g2 e5
5.d3 Bf8e7
6.Ng1f3 O-O
7.O-O Bc8g4
8.Bc1g5 Qd8d7
9.Bg5xf6 Be7xf6
10.Nc3e4 Bf6e7
11.Qd1b3 f5
12.Ne4c3 Nb8a6
13.e4 f4
14.a3 Na6c5
15.Qb3c2 Bg4h3
16.b4 Bh3xg2
17.Kxg2 Nc5e6
18.Nc3e2 g5
19.d4 g4
20.Nf3d2 f3
21.Kg1 fxe2
22.Rf1e1 Ne6xd4
{ resign }
0-1

[Event "Tourn. n10213"]
[Site "www.echecsemail.com"]
[Date "2019.12.31"]
[Round "1"]
[White "Numanoid"]
[Black "Obisporey"]
[WhiteElo "2780"]
[BlackElo "2590"]
[Result "1-0"]
[Round "1"]
1.d4 Ng8f6
2.Nb1c3 d5
3.Bc1g5 c6
4.Bg5xf6 gxf6
5.e4 dxe4
6.Nc3xe4 Qd8b6
7.Ng1f3 f5
8.Ne4g3 Qb6xb2
9.Bf1d3 Qb2c3
10.Kf1 e6
11.Ra1b1 Qc3a5
12.Qd1e2 Qa5xa2
13.Rb1e1 Bf8b4
14.Re1d1 Bb4e7
15.Rd1e1 Qa2a3
16.h4 Rh8f8
17.c4 b6
18.Ng3h5 Kd8
19.g3 Nb8d7
20.Kg2 Qa3d6
21.c5 bxc5
22.dxc5 Qd6xc5
23.Re1c1 Qc5a3
24.Rh1d1 Ra8b8
25.Nf3e5 Rb8b6
26.Bd3xf5 exf5
27.Ne5xc6 Rb6xc6
28.Rc1xc6 Qa3a4
29.Rc6c4 Qa4b3
30.Kh2 Rf8g8
31.Rc4c1 Qb3b8
32.Qe2c4 f4
33.Nh5xf4 Rg8f8
34.Qc4a4 Rf8g8
35.Rc1c6 Rg8f8
36.Qa4a5 Ke8
37.Qa5c3 Kd8
38.Nf4d5 Be7d6
39.Qc3a5 Ke8
40.Rd1c1 Nd7b6
41.Nd5xb6 { resign }
1-0

[Event "Tourn. n10273"]
[Site "www.echecsemail.com"]
[Date "2019.12.31"]
[Round "1"]
[White "Aders1"]
[Black "Apdash"]
[WhiteElo "2249"]
[BlackElo "2280"]
[Result "1-0"]
[Round "1"]
1.Ng1f3 Ng8f6
2.g3 d5
3.Bf1g2 Nb8c6
4.O-O e5
5.d3 Bc8g4
6.h3 Bg4xf3
7.Bg2xf3 Bf8e7
8.Nb1d2 O-O
9.e4 Nc6d4
10.Bf3g2 dxe4
11.dxe4 Nf6d7
12.c3 Nd4e6
13.Qd1e2 Nd7c5
14.Rf1d1 c6
15.Nd2c4 Qd8c7
16.b4 Nc5a4
17.Qe2c2 b5
18.Nc4b2 Na4xb2
19.Bc1xb2 a5
20.a3 a4
21.c4 bxc4
22.Qc2xc4 Rf8c8
23.Ra1c1 Be7f6
24.Rc1c2 Ne6d4
25.Bb2xd4 exd4
26.f4 Qc7b6
27.Kh2 Rc8d8
28.e5 Bf6e7
29.Qc4xc6 Qb6xc6
30.Bg2xc6 Ra8a7
31.Rc2d2 Ra7c7
32.Bc6g2 Rc7c3
33.Rd2d3 f6
34.exf6 Be7xf6
35.Rd3xc3 dxc3
36.Rd1xd8 Bf6xd8
37.Bg2e4 Kf7
38.Be4c2 g5
39.fxg5 Bd8xg5
40.Bc2xh7 Bg5c1
41.Bh7c2 Bc1xa3
42.b5 Ba3c5
43.Bc2xa4 Kf6
44.Kg2 Bc5b6
45.Kf3 Bb6c7
46.h4 Kf5
47.g4 Kf6
48.g5 Kg7
49.Ba4c2 Bc7b6
50.h5 Bb6d4
51.Ke4 Bd4f2
52.h6 Kh8
53.g6 Bf2h4
54.b6 Bh4g3
55.Kf5 { resign }
1-0

[Event "Tourn. n10225"]
[Site "www.echecsemail.com"]
[Date "2019.12.31"]
[Round "1"]
[White "Andychesston"]
[Black "Ditto"]
[WhiteElo "1890"]
[BlackElo "1940"]
[Result "0-1"]
[Round "1"]
1.e4 e5
2.Ng1f3 Nb8c6
3.d4 exd4
4.Nf3xd4 Nc6xd4
5.Qd1xd4 c5
6.Qd4a4 Bf8d6
7.Nb1c3 Qd8f6
8.Bc1e3 Ng8e7
9.Bf1e2 O-O
10.Be2f3 Ne7g6
11.Ra1b1 Ng6e5
12.Bf3e2 Bd6e7
13.Nc3d5 Qf6d6
14.Be3f4 Be7d8
15.O-O Qd6e6
16.Rb1d1 b6
17.f3 Bc8b7
18.c4 Bb7c6
19.Qa4b3 Ne5g6
20.Bf4g3 Bc6xd5
21.cxd5 Qe6e8
22.d6 Bd8f6
23.f4 Qe8xe4
24.Be2f3 Bf6d4
25.Kh1 Qe4f5
26.Rd1xd4 cxd4
27.Bf3xa8 Rf8xa8
28.Qb3f3 Ra8e8
29.Rf1e1 Re8xe1
30.Bg3xe1 h6
31.h3 Qf5e6
32.Be1f2 Qe6xd6
33.Qf3a8 Kh7
34.f5 Ng6f4
35.Qa8e4 Nf4h5
36.f6 g6
37.Qe4e7 Qd6d5
38.Kh2 d3
39.g4 Nh5f4
{ resign }
0-1

[Event "Tourn. n10246"]
[Site "www.echecsemail.com"]
[Date "2019.12.31"]
[Round "1"]
[White "Claudia"]
[Black "Apdash"]
[WhiteElo "2120"]
[BlackElo "2220"]
[Result "0-1"]
[Round "1"]
1.d4 Ng8f6
2.c4 e6
3.Nb1c3 d5
4.cxd5 exd5
5.Bc1g5 Bf8e7
6.e3 O-O
7.Bf1d3 Nb8d7
8.Qd1c2 h6
9.Bg5f4 c5
10.Ng1f3 c4
11.Bd3f5 Nd7b6
12.O-O Bc8xf5
13.Qc2xf5 Qd8d7
14.Qf5c2 Be7d6
15.Nf3e5 Bd6xe5
16.Bf4xe5 Nf6g4
17.Be5g3 f5
18.h3 Ng4f6
19.f3 Ra8e8
20.Ra1e1 Re8e7
21.Bg3e5 Qd7e6
22.e4 fxe4
23.fxe4 Nf6xe4
24.Rf1xf8 Kxf8
25.Nc3xe4 dxe4
26.Qc2xe4 Kg8
27.Qe4h4 Qe6d7
28.Re1f1 Nb6d5
29.Qh4g3 Re7f7
30.Rf1xf7 Qd7xf7
31.Qg3f2 b5
32.Qf2xf7 Kxf7
33.Kf2 g6
34.Kf3 Ke6
35.g4 a5
36.Ke4 b4
37.h4 a4
38.h5 gxh5
39.gxh5 c3
40.Kd3 cxb2
41.Kc2 a3
{ resign }
0-1

[Event "Match"]
[Site "www.echecsemail.com"]
[Date "2019.12.31"]
[Round "1"]
[White "Apdash"]
[Black "Chessdna"]
[WhiteElo "2320"]
[BlackElo "1740"]
[Result "1-0"]
[Round "1"]
1.e4 e5
2.Ng1f3 d6
3.d4 f6
4.dxe5 dxe5
5.Bf1e2 Bf8c5
6.Qd1xd8 Kxd8
7.O-O Bc8e6
8.Nb1c3 a6
9.a3 Nb8d7
10.b4 Bc5b6
11.Bc1b2 c6
12.Ra1d1 Kc7
13.Rd1d2 Ra8d8
14.Rf1d1 Ng8h6
15.Nc3a4 Bb6a7
16.h3  { time }
1-0

[Event "Match"]
[Site "www.echecsemail.com"]
[Date "2019.12.31"]
[Round "1"]
[White "Add"]
[Black "Apdash"]
[WhiteElo "2110"]
[BlackElo "2270"]
[Result "0-1"]
[Round "1"]
1.e4 c5
2.Bf1c4 e6
3.Ng1f3 a6
4.a4 d5
5.exd5 exd5
6.Qd1e2 Bf8e7
7.Bc4a2 Ng8f6
8.d4 O-O
9.O-O Bc8g4
10.Bc1e3 c4
11.b3 b5
12.c3 Nf6e4
13.h3 Bg4h5
14.Rf1c1 Nb8d7
15.Nb1d2 f5
16.Qe2e1 f4
17.Nf3h2 fxe3
18.fxe3 Be7h4
{ resign }
0-1

[Event "Tourn. n10238"]
[Site "www.echecsemail.com"]
[Date "2019.12.31"]
[Round "1"]
[White "Bigrezi"]
[Black "Jaroslavpech"]
[WhiteElo "2320"]
[BlackElo "2800"]
[Result "0-1"]
[Round "1"]
1.e4 e5
2.Ng1f3 Nb8c6
3.d4 exd4
4.Nf3xd4 Bf8c5
5.c3 Ng8f6
6.Nd4xc6 bxc6
7.Nb1d2 d5
8.Nd2b3 Bc5b6
9.exd5 O-O
10.Bf1e2 Rf8e8
11.O-O Qd8e7
12.dxc6 Qe7xe2
13.Nb3d4 Qe2e5
14.Bc1e3 Nf6g4
15.Nd4f3 Qe5b5
16.Be3xb6 axb6
17.Rf1e1 Ng4f6
18.Re1xe8 Nf6xe8
19.b3 Qb5xc6
20.Qd1e2 Ne8f6
21.Ra1d1 Bc8b7
22.c4 h6
23.Qe2f1 Nf6e4
24.Nf3d4 Qc6c5
25.Qf1d3 Ra8xa2
26.Rd1f1 Ra2d2
{ resign }
0-1

[Event "Match"]
[Site "www.echecsemail.com"]
[Date "2019.12.31"]
[Round "1"]
[White "Ztornad"]
[Black "Guidom"]
[WhiteElo "1980"]
[BlackElo "2090"]
[Result "0-1"]
[Round "1"]
1.e4 e5
2.b3 Bf8c5
3.Ng1e2 Qd8f6
4.d4 exd4
5.Qd1d3 Nb8c6
6.a3 Nc6e5
7.Qd3g3 d3
8.Bc1g5 Ne5f3
9.Qg3xf3 Qf6xa1
10.Ne2c3 dxc2
11.Bf1e2 cxb1Q
12.Nc3xb1 Qa1xb1
13.Be2d1 Qb1b2
14.b4 Bc5e7
15.O-O Be7xg5
16.Qf3g3 Qb2d2
17.Qg3e5 Kf8
18.Qe5c5 Bg5e7
19.Qc5xc7 Qd2d6
20.Qc7c3 Be7f6
21.Qc3f3 Ng8e7
22.g3 Ne7g6
23.Qf3b3 Qd6d4
24.Bd1e2 Ng6e5
25.Rf1d1 Qd4xe4
26.f3 Qe4xe2
27.Rd1f1 Ne5d3
28.Qb3d1 Bf6d4
29.Kh1 Nd3f2
30.Rf1xf2 Qe2xd1
31.Kg2 Bd4xf2
32.Kxf2 d5
33.g4 d4
34.Kg3 Qd1g1
35.Kf4 Qg1e3
36.Kg3 d3
37.h4 d2
38.h5 d1Q
39.Kg2 { time. }
0-1

[Event "Match"]
[Site "www.echecsemail.com"]
[Date "2019.12.31"]
[Round "1"]
[White "Apdash"]
[Black "Micheles"]
[WhiteElo "2230"]
[BlackElo "2630"]
[Result "0-1"]
[Round "1"]
1.e4 c6
2.d4 d5
3.exd5 cxd5
4.Ng1f3 Bc8g4
5.Bf1e2 Ng8f6
6.O-O e6
7.h3 Bg4h5
8.Nb1d2 Nb8c6
9.c3 Bf8d6
10.Nf3e5 Bh5xe2
11.Qd1xe2 O-O
12.f4 Qd8c7
13.Nd2f3 Nf6e4
14.Kh2 Nc6e7
15.Nf3d2 Ne4f6
16.Nd2f3 Ra8e8
17.Bc1e3 Nf6e4
18.Nf3d2 Ne7f5
19.Nd2xe4 dxe4
20.Be3d2 f6
21.Ne5c4 b5
22.Nc4xd6 Nf5xd6
23.a4 a6
24.axb5 axb5
25.Ra1a6 Re8a8
26.Rf1a1 Qc7b7
27.Ra6a5 Ra8xa5
28.Ra1xa5 Rf8a8
29.Ra5xa8 Qb7xa8
30.Qe2d1 Qa8a2
31.b3 Nd6f5
32.Qd1e1 Qa2c2
33.b4 Qc2d3
34.g4 e3
35.Bd2c1 Qd3c2
36.Kg1 Nf5h4
37.Qe1xe3 Qc2g2
{ resign }
0-1

[Event "Tourn. n10249"]
[Site "www.echecsemail.com"]
[Date "2020.01.01"]
[Round "1"]
[White "Aders1"]
[Black "Dussek"]
[WhiteElo "1819"]
[BlackElo "1870"]
[Result "1-0"]
[Round "1"]
1.Ng1f3 d5
2.g3 Ng8f6
3.Bf1g2 c6
4.O-O Bc8g4
5.d3 e6
6.Nb1d2 Bf8e7
7.e4 Nb8d7
8.Qd1e2 Nd7e5
9.h3 Ne5xf3
10.Nd2xf3 Bg4h5
11.exd5 Nf6xd5
12.Qe2e5 Nd5f6
13.Bc1g5 Bh5g6
14.Nf3h4 O-O
15.Nh4xg6 hxg6
16.Bg5d2 Nf6d7
17.Qe5e2 Be7f6
18.c3 Qd8b6
19.a4 Ra8d8
20.a5 Qb6c7
21.Bd2e3 a6
22.Bg2e4 Bf6e7
23.d4 Nd7f6
24.Be4g2 Nf6h7
25.d5 exd5
26.Be3b6 Qc7d7
27.Bb6xd8 Be7xd8
28.Rf1e1 Nh7f6
29.Qe2c2 Bd8c7
30.b4 Nf6e4
31.Bg2xe4 dxe4
32.Kg2 f5
33.Ra1d1 Qd7f7
34.Rd1d2 Bc7e5
35.Re1d1 g5
36.Rd2d8 Kh7
37.Rd8xf8 Qf7xf8
38.Rd1d7 Qf8c8
39.Qc2d1 Kh6
40.Rd7d8 Qc8c7
41.Rd8h8 Kg6
42.Qd1h5 Kf6
43.Qh5e8 Be5d6
44.Qe8d8 Qc7e7
45.Rh8f8 Kg6
46.Qd8xe7 Bd6xe7
47.Rf8b8 Be7f6
48.Rb8xb7 Bf6xc3
49.Rb7b6 Bc3d4
50.Rb6xc6 Kh7
51.Rc6xa6 f4
52.Ra6e6 e3
53.fxe3 fxe3
54.Kf3 g6
55.Re6xe3 Kg7
56.Re3d3 Bd4f6
57.a6 { resign }
1-0

[Event "Tourn. n10180"]
[Site "www.echecsemail.com"]
[Date "2020.01.01"]
[Round "1"]
[White "Ejner"]
[Black "Seger"]
[WhiteElo "2510"]
[BlackElo "2820"]
[Result "1/2-1/2"]
[Round "1"]
1.Ng1f3 Nb8c6
2.d4 d5
3.Bc1f4 Bc8f5
4.e3 e6
5.Bf1d3 Bf5xd3
6.cxd3 Bf8d6
7.Bf4xd6 cxd6
8.Nb1c3 Qd8b6
9.Qd1d2 a5
10.a4 Ng8e7
11.O-O O-O
12.Nc3b5 Nc6a7
13.Nb5xa7 Qb6xa7
14.Rf1c1 Ne7c6
15.Rc1c3 h6
16.g3 Qa7a6
17.Nf3e1 b5
18.b3 b4
19.Rc3c2 Ra8c8
20.Ra1c1 Qa6b7
21.Ne1f3 Nc6e7
22.h4 Rc8xc2
23.Rc1xc2 Rf8c8
24.Qd2c1 Rc8xc2
25.Qc1xc2 h5
26.Kf1 g6
27.Ke2 f6
28.Nf3e1 Qb7c6
29.Qc2xc6 Ne7xc6
30.Ne1f3 Kg7
31.Kd1 Kh6
32.Ke2 g5
33.Ke1 g4
34.Nf3d2 f5
35.Ke2 f4
36.Ke1 Nc6e7
37.Ke2 Ne7f5
38.Nd2f1 Kg6
39.Kd1 e5
40.dxe5 dxe5
41.Kd2 Nf5g7
42.Kc2 Ng7e6
43.Nf1d2 Kf6
44.Nd2f1 f3
45.Nf1d2 Ne6c5
46.Nd2f1 e4
47.d4 Nc5d3
48.Kd2 Nd3xf2
49.Kc2 Nf2h3
50.Kd2 Nh3g1
51.Kc2 Ng1e2
52.Kd2 Ne2c3
53.Kc2 Nc3e2
54.Kd2 Ke6
55.Kd1 Ne2c3
56.Kc2 Ke7
{ draw }
1/2-1/2

[Event "Tourn. n10191"]
[Site "www.echecsemail.com"]
[Date "2020.01.01"]
[Round "1"]
[White "Cal"]
[Black "Passaroa25"]
[WhiteElo "1700"]
[BlackElo "1780"]
[Result "1-0"]
[Round "1"]
1.Ng1f3 Ng8f6
2.d4 c6
3.Nb1c3 d5
4.h3 Nb8d7
5.a3 Nd7b6
6.e3 Bc8d7
7.b3 e6
8.Bf1d3 Bf8e7
9.Nf3e5 O-O
10.O-O Qd8c7
11.f4 Nb6c8
12.Bc1b2 Nc8d6
13.Qd1f3 Nd6e4
14.Bd3xe4 dxe4
15.Nc3xe4 Nf6xe4
16.Qf3xe4 Bd7e8
17.c4 f6
18.Ne5f3 Be8f7
19.b4 Bf7g6
20.f5 exf5
21.Qe4d3 Qc7d7
22.Nf3h4 Bg6f7
23.Ra1d1 Bf7e6
24.Rf1f4 Be6f7
25.Nh4xf5 Bf7g6
26.e4 a6
27.Rf4g4 Bg6xf5
28.exf5 Rf8f7
29.Rd1e1 Be7d6
30.c5 Bd6c7
31.Re1e6 Bc7b8
32.Rg4e4 Qd7d5
33.Re6e8 Rf7f8
34.Re8e6 Qd5xf5
35.Qd3f3 Qf5xf3
36.gxf3 Bb8c7
37.Re6e7 Ra8c8
38.d5 Bc7d8
39.Re7xb7 cxd5
40.Re4d4 Rf8f7
41.Rb7xf7 Kxf7
42.f4 Bd8e7
43.Rd4xd5 Ke6
44.Rd5h5 h6
45.a4 Kf7
46.Bb2d4 Kg6
47.Rh5d5 f5
48.Kg2 Be7f6
49.Rd5d6 Kh5
50.Rd6xa6 Bf6xd4
51.c6 Kh4
52.b5 Bd4e3
53.a5 Be3xf4
54.Ra6a7 g5
55.Ra7d7 g4
56.hxg4 Kxg4
57.a6 h5
58.a7 h4
59.Rd7g7 Kh5
60.Kf3 Bf4e5
61.Rg7e7 Be5c7
62.Re7xc7 Rc8a8
63.Rc7h7 Kg5
64.b6 Ra8d8
65.Rh7d7 Rd8a8
66.b7 Ra8xa7
67.b8Q Ra7a3
68.Ke2 f4
69.Qb8g8 Kf5
70.Rd7d5 Ke4
71.Qg8e6 
1-0

[Event "Tourn. n10259"]
[Site "www.echecsemail.com"]
[Date "2020.01.01"]
[Round "1"]
[White "Picifarkinca"]
[Black "Zsigazsuga"]
[WhiteElo "1870"]
[BlackElo "1680"]
[Result "1-0"]
[Round "1"]
1.e4 e6
2.d4 d5
3.Nb1c3 Bf8b4
4.e5 Ng8e7
5.Qd1g4 Ne7f5
6.Bf1d3 h5
7.Qg4f4 Bb4e7
8.Bd3xf5 exf5
9.Ng1f3 Bc8e6
10.Nf3g5 Be7xg5
11.Qf4xg5  { time }
1-0

[Event "Tourn. n10268"]
[Site "www.echecsemail.com"]
[Date "2020.01.01"]
[Round "1"]
[White "Jjmcbride"]
[Black "Coraza"]
[WhiteElo "1700"]
[BlackElo "1740"]
[Result "0-1"]
[Round "1"]
1.e4 e5
2.Ng1f3 Nb8c6
3.Bf1b5 Nc6d4
4.Bb5a4 Nd4xf3
5.Qd1xf3 Ng8f6
6.Nb1c3 c6
7.O-O Bf8b4
8.Ra1b1 b6
 { time }
0-1

[Event "Tourn. n10252"]
[Site "www.echecsemail.com"]
[Date "2020.01.01"]
[Round "1"]
[White "Chessdna"]
[Black "Ranjachess"]
[WhiteElo "1740"]
[BlackElo "1790"]
[Result "0-1"]
[Round "1"]
1.e4 e5
2.Ng1f3 d6
3.c3 Bc8g4
4.Bf1e2 Bg4xf3
5.Be2xf3 Ng8f6
6.O-O g6
7.d4 Nb8d7
8.d5 Nd7c5
9.Rf1e1 Qd8d7
10.b4 Nc5d3
11.Qd1xd3 O-O-O
12.h3 h5
 { time }
0-1

[Event "Match"]
[Site "www.echecsemail.com"]
[Date "2020.01.01"]
[Round "1"]
[White "Ztornad"]
[Black "Chapi"]
[WhiteElo "1960"]
[BlackElo "2070"]
[Result "0-1"]
[Round "1"]
1.e4 c5
2.b3 Nb8c6
3.Bc1b2 b6
4.Bf1c4 Bc8b7
5.Bb2c3 e6
6.Qd1g4 Ng8f6
7.Qg4f3 Bf8d6
8.g3 Nc6e5
9.Bc3xe5 Bd6xe5
10.c3 Bb7xe4
11.Qf3e3 Be5xc3
12.Nb1xc3 Be4xh1
13.f3 O-O
14.O-O-O d5
15.d4 dxc4
16.dxc5 Qd8c7
17.Ng1e2 Bh1xf3
18.Qe3xf3 Qc7xc5
19.Kb2 Ra8d8
20.Nc3e4 Qc5e5
21.Rd1d4 Rd8xd4
22.Ne4xf6 gxf6
23.Ne2xd4 Qe5xd4
24.Ka3 c3
25.Qf3e2 a5
26.Qe2b5 Qd4b4
27.Qb5xb4 axb4
28.Kxb4 c2
29.Kb5 c1Q
30.Kb4 Qc1d2
31.Kc4 Rf8c8
32.Kb5 Qd2a5

0-1

[Event "Tourn. n10247"]
[Site "www.echecsemail.com"]
[Date "2020.01.01"]
[Round "1"]
[White "Coolant"]
[Black "Seger"]
[WhiteElo "2350"]
[BlackElo "2830"]
[Result "0-1"]
[Round "1"]
1.c4 e5
2.Nb1c3 Bf8b4
3.Qd1b3 Nb8c6
4.Ng1f3 d6
5.a3 Bb4xc3
6.Qb3xc3 a5
7.g3 Bc8g4
8.Bf1g2 Ng8f6
9.O-O O-O
10.d3 Rf8e8
11.e4 a4
12.Bc1e3 Nc6a5
13.Nf3d2 c5
14.h3 Bg4d7
15.Kh2 Na5c6
16.f4 Nc6d4
17.Be3xd4 cxd4
18.Qc3b4 Qd8c7
19.Ra1c1 Ra8a5
20.Nd2f3 Ra5c5
21.Qb4d2 Re8c8
22.Rc1c2 b5
23.Rf1c1 h6
24.Nf3e1 bxc4
25.Rc2xc4 Bd7e6
26.Rc4xc5 dxc5
27.fxe5 Qc7xe5
28.Qd2f4 Nf6d7
29.Ne1f3 Qe5b8
30.Qf4xb8 Rc8xb8
31.Rc1c2 Kf8
32.Kg1 Ke7
33.Kf2 Kd6
34.Ke2 f6
35.Bg2f1 Nd7e5
36.Nf3xe5 fxe5
37.Kf2 Be6a2
38.Bf1e2 Ba2b1
39.Rc2d2 c4
40.dxc4 Bb1xe4
41.Be2d1 Be4c6
{ resign }
0-1

[Event "Tourn. n10276"]
[Site "www.echecsemail.com"]
[Date "2020.01.02"]
[Round "1"]
[White "Apdash"]
[Black "Fantomas"]
[WhiteElo "2270"]
[BlackElo "2210"]
[Result "1/2-1/2"]
[Round "1"]
1.e4 c6
2.d4 d5
3.e5 e6
4.f4 c5
5.Bc1e3 c4
6.a4 Nb8c6
7.c3 Bc8d7
8.b3 cxb3
9.Qd1xb3 Nc6a5
10.Qb3d1 Ra8c8
11.Bf1b5 Ng8e7
12.Ng1f3 a6
13.Bb5xd7 Qd8xd7
14.O-O Na5c4
15.Be3f2 Ne7c6
16.Nb1d2 Nc6a5
17.Nd2xc4 Rc8xc4
18.Qd1c2 Bf8e7
19.Nf3d2 Rc4c6
20.Nd2b3 Na5c4
21.Nb3d2 O-O
22.Rf1b1 Nc4a3
23.Ra1xa3 Be7xa3
24.Qc2b3 Ba3e7
25.c4 Rf8b8
26.c5 Be7d8
27.Qb3c3 b6
28.Rb1b3 Bd8c7
29.Qc3b2 Qd7d8
30.cxb6 Rc6xb6
31.Qb2c2 Rb6xb3
32.Nd2xb3 Bc7b6
33.Nb3c5 Qd8c8
34.h3 Bb6a5
35.Qc2d3 Rb8b6
36.Kh2 h6
37.Bf2h4 Rb6c6
38.Bh4e7 Ba5b4
39.Qd3b3 Bb4a5
40.f5 Ba5d8
41.Be7d6 Bd8c7
42.Bd6e7 { draw }
1/2-1/2

[Event "Tourn. n10263"]
[Site "www.echecsemail.com"]
[Date "2020.01.02"]
[Round "1"]
[White "Passaroa25"]
[Black "Zsigazsuga"]
[WhiteElo "1670"]
[BlackElo "1730"]
[Result "1-0"]
[Round "1"]
1.Nb1c3 c5
2.Nc3e4 e6
3.f3 d5
4.Ne4c3 Nb8c6
5.e3 Ng8f6
6.Ng1e2 Bf8e7
7.Ne2g3  { time }
1-0

[Event "Tourn. n10246"]
[Site "www.echecsemail.com"]
[Date "2020.01.02"]
[Round "1"]
[White "Fantomas"]
[Black "Claudia"]
[WhiteElo "2190"]
[BlackElo "2120"]
[Result "1/2-1/2"]
[Round "1"]
1.e4 c5
2.Ng1f3 d6
3.d4 cxd4
4.Nf3xd4 Ng8f6
5.Nb1c3 e6
6.Bc1e3 Nb8c6
7.Nd4b3 a6
8.Bf1e2 Bf8e7
9.Nc3a4 Nf6xe4
10.Be3b6 Qd8d7
11.Bb6e3 Be7d8
12.Na4b6 Bd8xb6
13.Be3xb6 O-O
14.O-O Ne4f6
15.Be2d3 Nc6e5
16.Bd3e2 Qd7e7
17.f4 Ne5c6
18.Be2f3 Nf6d7
19.Bb6f2 Nd7f6
20.Rf1e1 Bc8d7
21.c3 b5
22.Nb3d4 Ra8c8
23.Nd4f5 Qe7d8
24.Nf5xd6 Rc8b8
25.Qd1e2 Qd8c7
26.Nd6e4 Nf6xe4
27.Bf3xe4 Nc6a5
28.Bf2g3 Qc7b6
29.Kh1 Rb8d8
30.Ra1d1 Bd7c6
31.Be4xc6 Qb6xc6
32.Rd1xd8 Rf8xd8
33.Re1d1 Rd8d5
34.Bg3f2 Na5c4
35.b3 Nc4d6
36.Rd1d3 h6
37.Kg1 Rd5xd3
38.Qe2xd3 Qc6e4
39.Qd3xe4 Nd6xe4
40.Bf2d4 f6
41.Kf1 Kf7
42.Ke2 Ke7
43.Kd3 Ne4d6
44.Bd4c5 Kd7
45.a3 h5
46.Bc5xd6 Kxd6
47.Ke4 Kc5
48.g3 a5
49.Kd3 a4
50.bxa4 bxa4
51.h3 Kd5
52.g4 g6
53.gxh5 gxh5
{ draw }
1/2-1/2

[Event "Match"]
[Site "www.echecsemail.com"]
[Date "2020.01.02"]
[Round "1"]
[White "Llord"]
[Black "Gambitmiau"]
[WhiteElo "1910"]
[BlackElo "1830"]
[Result "1-0"]
[Round "1"]
1.e4 Nb8c6
2.Ng1f3 d5
3.exd5 Qd8xd5
4.Nb1c3 Qd5h5
5.Bf1e2 Bc8g4
6.h3 Bg4xf3
7.Be2xf3 Qh5e5
8.Qd1e2 Qe5xe2
9.Bf3xe2 Nc6d4
10.O-O Nd4xc2
11.Ra1b1 Nc2d4
12.Be2b5 Nd4xb5
13.Nc3xb5 Kd8
14.d4 a6
15.Nb5c3 e6
16.d5 Bf8b4
17.a3 Bb4xc3
18.bxc3 exd5
19.Rf1d1 c6
20.Bc1b2 Ng8f6
21.c4 Kc7
22.Bb2xf6 gxf6
23.cxd5 cxd5
24.Rd1xd5 Ra8c8
25.Rb1c1 Kb8
26.Rc1xc8 Kxc8
27.Rd5f5 Kd7
28.Rf5xf6 Ke7
29.Rf6b6 Rh8b8
30.f4 Kf8
31.g4 Kg7
32.Kg2 h6
33.Kg3 f6
34.h4 Kf7
35.a4 Ke7
36.g5 hxg5
37.hxg5 fxg5
38.fxg5 Kd7
39.Kf4 a5
40.Ke5 Kc7
41.Rb6b1 b6
42.Kf6 Kd6
43.g6 Rb8f8
44.Kg7 Ke7
45.Rb1xb6 Rf8a8
46.Rb6b7 Kd8
47.Kh7 { resign }
1-0

[Event "Match"]
[Site "www.echecsemail.com"]
[Date "2020.01.02"]
[Round "1"]
[White "Mb20"]
[Black "Apdash"]
[WhiteElo "1809"]
[BlackElo "2270"]
[Result "0-1"]
[Round "1"]
1.d4 d5
2.c4 c6
3.Ng1f3 e6
4.e3 Ng8f6
5.Nb1c3 Bf8b4
6.Bc1d2 O-O
7.Bf1d3 dxc4
8.Bd3xc4 b5
9.Bc4b3 Bc8b7
10.O-O Nb8d7
11.a3 Bb4a5
12.Bb3c2 a6
13.b4 Ba5c7
14.Nc3e4 Nf6xe4
15.Bc2xe4 Nd7f6
16.Be4d3 Qd8d6
17.Nf3e5 Nf6d7
18.f4 f6
19.Ne5xd7 Qd6xd7
20.Ra1c1 e5
21.dxe5 Qd7xd3
22.exf6 Rf8xf6
23.Rc1c3 Qd3d7
24.Qd1b3 Kh8
25.Rf1d1 Ra8d8
26.Rc3c1 Rf6d6
27.Rc1c2 Qd7g4
28.Rc2b2 c5
29.g3 Qg4f3
{ resign }
0-1

[Event "Tourn. n10271"]
[Site "www.echecsemail.com"]
[Date "2020.01.02"]
[Round "1"]
[White "Apdash"]
[Black "Asoka"]
[WhiteElo "2280"]
[BlackElo "2700"]
[Result "0-1"]
[Round "1"]
1.e4 c5
2.Ng1f3 d6
3.d4 cxd4
4.Nf3xd4 Ng8f6
5.Nb1c3 a6
6.Bc1g5 e6
7.Bf1e2 Bf8e7
8.O-O O-O
9.Qd1d2 b5
10.f3 b4
11.Nc3d1 Nf6xe4
12.Bg5xe7 Ne4xd2
13.Be7xd8 Rf8xd8
14.Rf1f2 d5
15.Nd1e3 e5
16.Nd4b3 Nd2xb3
17.axb3 Nb8c6
18.c3 d4
19.cxd4 exd4
20.Ne3c4 d3
21.Be2f1 Nc6d4
22.Bf1xd3 Nd4xb3
23.Ra1d1 Bc8e6
24.Nc4e5 g6
25.Ne5c6 Rd8d6
26.Nc6xb4 a5
27.Nb4c2 Ra8d8
28.Nc2e1 Nb3c5
29.Rf2d2 Be6b3
30.Rd1a1 a4
{ resign }
0-1